Online
Catalog

Pensar al Che / (Record no. 18672)

MARC details
000 -CABECERA
campo de control de longitud fija 01112cam a2200253 a 4500
001 - NÚMERO DE CONTROL
campo de control 000019154
005 - FECHA Y HORA DE LA ÚLTIMA TRANSACCIÓN
campo de control 20200929165933.0
008 - DATOS DE LONGITUD FIJA--INFORMACIÓN GENERAL
campo de control de longitud fija 910326s1989 cu b 000 0 spa
020 ## - NÚMERO INTERNACIONAL ESTÁNDAR DEL LIBRO
ISBN cancelado o inválido 9509852288
040 ## - FUENTE DE LA CATALOGACIÓN
Centro catalogador/agencia de origen DO-SdBNP
Centro/agencia transcriptor DLC
Centro/agencia modificador DLC
-- BNPHU
082 ## - NÚMERO DE LA CLASIFICACIÓN DECIMAL DEWEY
Número de clasificación 980.05
Número de documento/Ítem P418a, v.2
245 00 - MENCIÓN DE TÍTULO
Título Pensar al Che /
Mención de responsabilidad, etc. edición Mayda Argüelles, Guadalupe Rouco.
260 ## - PUBLICACIÓN, DISTRIBUCIÓN, ETC.
Lugar de publicación, distribución, etc. La Habana, Cuba :
Nombre del editor, distribuidor, etc. Centro de Estudios sobre America ;
Lugar de publicación, distribución, etc. Buenos Aires :
Nombre del editor, distribuidor, etc. Ediciones Dialéctica,
Fecha de publicación, distribución, etc. 1989.
300 ## - DESCRIPCIÓN FÍSICA
Extensión v.2 ;
Dimensiones 20 cm.
500 ## - NOTA GENERAL
Nota general Biblioteca posee v.2
500 ## - NOTA GENERAL
Nota general Vol. 2 impreso en: La Habana, Cuba : Centro de Estudios sobre America : Editorial J. Marti.
504 ## - NOTA DE BIBLIOGRAFÍA, ETC.
Nota de bibliografía, etc. Incluye referencias bibliográficas y notas al pie de las páginas.
505 0# - NOTA DE CONTENIDO CON FORMATO
Nota de contenido con formato t. [1]. Desafios de la lucha por el poder politico -- t. 2. Los retos de la transicion socialista / prefacio de Armando Hart Davalos.
600 10 - PUNTO DE ACCESO ADICIONAL DE MATERIA--NOMBRE DE PERSONA
Nombre de persona GUEVARA, ERNESTO,
Fechas asociadas al nombre 1928-1967.
9 (RLIN) 19253
650 #4 - PUNTO DE ACCESO ADICIONAL DE MATERIA--TÉRMINO DE MATERIA
Término de materia o nombre geográfico como elemento de entrada Revolucionarios
Subdivisión geográfica Bolivia
Subdivisión de forma DIARIOS
9 (RLIN) 2264
700 1# - PUNTO DE ACCESO ADICIONAL--NOMBRE DE PERSONA
Nombre de persona Argüelles, Mayda,
Término indicativo de función/relación ed.
9 (RLIN) 41225
700 1# - PUNTO DE ACCESO ADICIONAL--NOMBRE DE PERSONA
Nombre de persona Rouco, Guadalupe,
Término indicativo de función/relación ed.
9 (RLIN) 41226
910 ## - DATOS DE OPCIÓN DEL USUARIO (OCLC)
Datos de opción del usuario Catalogación derivada / LC
Holdings
Estado de retiro Estado de pérdida Restricciones de uso No para préstamo Código de colección Localización permanente Ubicación/localización actual Ubicación en estantería Fecha de adquisición Número de inventario Total de préstamos Signatura topográfica completa Código de barras Fecha visto por última vez Precio válido a partir de Tipo de ítem Koha
      Excluido de préstamo Monografías: Libros y Folletos General General En catalogación 27.05.2010 LF1   980.05 P418a, v.2 19154-10 25.06.2020 25.06.2020 No se presta

Powered by Koha